000 00595nam a2200253Ia 4500
008 210210b2007 xxu||||| |||| 00| 0 eng d
020 _a9780070617131
041 _aeng
082 _a001.6424J BALP
100 _aBALAGURUSAMY (E)
245 _aProgramming with java a primer Ed 3
250 _a
260 _aNew Delhi
_bTata McGraw-Hill Publishing Company Ltd.
_c2007
300 _axvii,490
650 _awith
650 _aProgramming
650 _aprimer
650 _ajava
650 _aEd
650 _aa
650 _a3
690 _aComputer Science
906 _a062335
999 _c117390
_d117390